Every Song by Eve 6 - Statistics

General Stats
  • This quiz has been taken 2 times
  • The average score is 5 of 75
Answer Stats
Album Song % Correct
Eleventeen(1996) #1
100%
Horrorscope(2000) Here's to the Night
50%
Eve 6(1998) Inside Out
50%
Eve 6(1998) Leech
50%
Horrorscope(2000) On the Roof Again
50%
Eve 6(1998) Open Road Song
50%
Horrorscope(2000) Promise
50%
It's All in Your Head(2003) Think Twice
50%
hyper relevisation(2022) 20 ton weight
0%
It's All in Your Head(Bonus)(2003) 405
0%
Horrorscope(2000) Amphetamines
0%
hyper relevisation(2022) androgyne friend
0%
grim value(2021) angel of the supermarket
0%
It's All in Your Head(2003) Arch Drive Goodbye
0%
It's All in Your Head(2003) At Least We're Dreaming
0%
Horrorscope(2000) Bang
0%
Speak in Code(2012) B.F.G.F.
0%
grim value(2021) black nova
0%
Speak in Code(2012) Blood Brothers
0%
It's All in Your Head(2003) Bring the Night On
0%
It's All in Your Head(Bonus)(2003) Burning Out
0%
grim value(2021) can we combine
0%
hyper relevisation(2022) careerlist
0%
hyper relevisation(2022) christlover 3k
0%
Speak in Code(2012) Curtain
0%
Non-Album(2023) Anytime Preview
0%
Speak in Code(2012) Downtown
0%
Horrorscope(2000) Enemy
0%
Speak in Code(2012) Everything
0%
Eleventeen(1996) Foiled Again
0%
Eleventeen(1996) Fooling Yourself
0%
It's All in Your Head(2003) Friend of Mine
0%
hyper relevisation(2022) get you
0%
Horrorscope(2000) Girl Eyes
0%
It's All in Your Head(2003) Girlfriend
0%
grim value(2021) good for you
0%
It's All in Your Head(2003) Good Lives
0%
It's All in Your Head(2003) Hey Montana
0%
It's All in Your Head(2003) Hokis
0%
Eve 6(1998) How Much Longer
0%
hyper relevisation(2022) i mean you
0%
Eleventeen(1996) Indian Giver
0%
grim value(2021) I wanna bite your face
0%
Eve 6(1998) Jesus Nitelite
0%
Horrorscope(2000) Jet Pack
0%
Eleventeen(Hidden)(1996) Jibba This
0%
Speak in Code(2012) Lion's Den
0%
Speak in Code(2012) Lost & Found
0%
Speak in Code(2012) Moon
0%
hyper relevisation(2022) mr. darkside
0%
Horrorscope(2000) Nightmare
0%
Horrorscope(2000) Nocturnal
0%
Eleventeen(1996) Nocturnal Emission
0%
It's All in Your Head(2003) Not Gonna Be Alone Tonight
0%
Speak in Code(2012) Pick Up the Pieces
0%
Eleventeen(1996) Propaganda
0%
Speak in Code(Bonus)(2012) Red and Black
0%
Horrorscope(2000) Rescue
0%
hyper relevisation(2022) revolushow
0%
hyper relevisation(2022) rosy shame
0%
Eve 6(1998) Saturday Night
0%
hyper relevisation(2022) shoulda known better
0%
Eve 6(1998) Showerhead
0%
Speak in Code(2012) Situation Infatuation
0%
Eve 6(1998) Small Town Trap
0%
It's All in Your Head(2003) Still Here Waiting
0%
Horrorscope(2000) Sunset Strip Bitch
0%
Eve 6(1998) Superhero Girl
0%
Eve 6(1998) There's a Face
0%
Eve 6(1998) Tongue Tied
0%
Speak in Code(2012) Trust Me
0%
Speak in Code(Bonus)(2012) Underachiever
0%
It's All in Your Head(Bonus)(2003) Velociraptor
0%
Speak in Code(2012) Victoria
0%
It's All in Your Head(2003) Without You Here
0%
No matching quizzes found
Score Distribution
Percent of People with Each Score
Percentile by Number Answered
Your Score History
You have not taken this quiz